000 00960nam a22003137a 4500
003 DO-SdBPM
005 20260514103131.0
007 ta
008 161031b2006 xx a 1 00| 0 spa d
020 _a0765277530
040 _aDO-SdBPM
_bspa
_cBPMSU
_erda
082 0 4 _a363.34
_bR297s 2006
_222
100 1 _aRecht, Eve
_4aut.
_eautor
245 1 0 _aSobrevivir un desastre natural /
_cEve Recht
260 _b ,
264 _aEstados Unidos :
_bCelebration Press,
_bPearson Learning Group ,
_c2006.
300 _a32 páginas :
_bilustraciones ;
_c25 cm.
336 _atexto
_btxt
_2rdacontent
337 _asin mediación
_bn
_2rdamedia
338 _avolumen
_bnc
_2rdacarrier
490 1 _aiOpeners
500 _aIncluye índice
590 _aInventariado, 2026/VM
650 7 _aTrabajos de rescate
650 7 _aDesastres naturales
_xPrevención
830 0 _aiOpeners
910 _aVMateo V. Controld de calidad. BPMSU
942 _2ddc
_cBK
999 _c12623
_d12623